Fundamentals of Solid state Physics (Record no. 291904)

MARC details
000 -LEADER
fixed length control field 00393pam a2200157a 44500
008 - FIXED-LENGTH DATA ELEMENTS--GENERAL INFORMATION
fixed length control field 230405s1990 xxu||||| |||| 00| 0 eng d
041 ## - LANGUAGE CODE
Language code of text/sound track or separate title ENG
100 ## - MAIN ENTRY--PERSONAL NAME
Personal name Saxena B. S.
245 ## - TITLE STATEMENT
Title Fundamentals of Solid state Physics
250 ## - EDITION STATEMENT
Edition statement 10 Ed.
260 ## - PUBLICATION, DISTRIBUTION, ETC.
Place of publication, distribution, etc. Meerut
Name of publisher, distributor, etc. Pragati Prakashan
Date of publication, distribution, etc. 1990
300 ## - PHYSICAL DESCRIPTION
Extent 178p.
690 ## - LOCAL SUBJECT ADDED ENTRY--TOPICAL TERM (OCLC, RLIN)
Topical term or geographic name as entry element SR.COLLEGE REGULAR GRANT
700 ## - ADDED ENTRY--PERSONAL NAME
Personal name Gupta R. C.
906 ## - LOCAL DATA ELEMENT F, LDF (RLIN)
a 561
Holdings
Withdrawn status Lost status Damaged status Not for loan Collection Home library Current library Shelving location Date acquired Source of acquisition Cost, normal purchase price Total Checkouts Full call number Barcode Date last seen Price effective from Koha item type
          Matoshri Bayabai Shripatrao Kadam Kanya Mahavidyalaya, Kadegaon, Sangli Matoshri Bayabai Shripatrao Kadam Kanya Mahavidyalaya, Kadegaon, Sangli   23/03/2011 Pragati Prakashan Ltd., 80.00   531.113 KVK-S01214 18/04/2023 18/04/2023 Book